000 00672nam a2200241Ia 4500
003 OSt
005 20220918191056.0
006 a|||||r|||| 00| 0
007 ta
008 220917b |||||||| |||| 00| 0 eng d
024 _a61,309
037 _cTextual
040 _aARTS
_cARTS
_beng
041 _2eng
_aeng
082 _aQ6.53.J, M5
100 _aAbray Lorna Jane
_974834
245 0 _aPeople's reformation
_b magistrqate clergy and commons in strasbourg 1500-1598
260 _aOxford
_bBasil Blackwell
_c1985
300 _a272p.
_ccm.
650 _aRELIGION
942 _hQ6.53.J, M5
_cTEXL
_2CC
999 _c188171
_d188171